Movies Quiz

Random Movies or Director Quiz

Two Letter Movie Titles Quiz Stats

 Plays Quiz Updated Mar 16, 2018

Challenge
Share
Tweet
Embed
Score 0/12 Timer 04:00
0 Plays Today
Year Movie % Correct
2017It
57%
2009Up
55.7%
1996Ed
37.3%
1998Pi
34.9%
1999Go
34.1%
1968if....
23.6%
1994I.Q.
18.1%
1986F/X
12.9%
2006RV
12.4%
1988Da
11.6%
2001CQ
4.5%
1978FM
4.5%

You're not logged in!

Compare scores with friends on all Sporcle quizzes.
OR
Log In

You Might Also Like...

Show Comments

Extras

Top Quizzes Today


Score Distribution

Your Account Isn't Verified!

In order to create a playlist on Sporcle, you need to verify the email address you used during registration. Go to your Sporcle Settings to finish the process.

Report this User

Report this user for behavior that violates our Community Guidelines.

Details: